La Corrupción como cuestión social y como cuestión penal /

সংরক্ষণ করুন:
গ্রন্থ-পঞ্জীর বিবরন
প্রধান লেখক: Pegoraro, Juan S.
বিন্যাস: পাঠ‍্য
বিষয়গুলি:
ট্যাগগুলো: ট্যাগ যুক্ত করুন
কোনো ট্যাগ নেই, প্রথমজন হিসাবে ট্যাগ করুন!

MARC

LEADER 00000 a a2200000 04500
001 4826
003
040
100 |a Pegoraro, Juan S.  
245 |a La Corrupción como cuestión social y como cuestión penal /  |c Juan S. Pegoraro 
650 |a CORRUPCION  
650 |a PROBLEMAS SOCIALES  
650 |a CONFLICTOS SOCIALES  
650 |a DERECHO PENAL  
773 |g volumen 8, número 13; páginas 5-34  
999 |c 38789  |d 38789